00661nam a2200229 a 4500001001300000003000900013005001700022008004100039020000800080082001800088100002400106245002900130260004900159300001000208500003500218505001000253700002400263902000800287942000700295952011400302999001500416nice12345678IN_TiNIC20260116011702.0050524s1956 laha grp 000 0 eng  ac000a297.86bAHM91 aAhmad, Khwaja Nazir aJesus in Heaven on Earth aLahorebCivil and Military Gazette Ltdc1956 a416p. aincludes index and biblioraphy2 aIndex1 aAhmad, Khwaja Nazir bSRS cBK 001040708StackRoom-aHMIbHMId2010-10-12g0.00l0o297.86 AHM91p05784r2010-10-12v0.00w2005-05-24yBK c3400d3400